00906cam a2200265u 450000100060000000300080000600500170001400800410003103500190007204000330009104100080012408200180013210000460015024500570019626000350025330000210028850400190030965000250032865000650035365000230041865100330044194200120047499900170048695201370050323321BD-RjUL20211209000921.0140310s1960 nyu 001 0 eng d a(BD-RjUL)23386 aDLCcCarPdDLCdBD-RjULbeng aeng00a901bBAP 19601 aBarbu, Zevedei. [from old catalog]97185010aProblems of historical psychology /c Zevedei Barbu, aNew York :bGrove Press,c1960 a222 p. ;c21 cm. aIncludes Index 0aCivilization.971851 0aNational characteristics, British. [from old catalog]971852 0aPsychology.971853 0aGreecexCivilization.971854 2ddccBK c23321d23321 00102ddc40728NFICaRUCLbRUCLcReadingd1962-10-26eZeitlingerg25.00l0o901 BAP 1960r2014-03-10 00:00:00tC-1w2014-03-10yBK